000
00226 a2200085 4500
020
_a
9781472468703
100
_a
Filipa Matos Wunderlich
245
_a
Temporal Urban Design Temporality, Rhythm and Place
260
_b
Routledge
_c
2024
999
_c
13127
_d
13127